| 000 | 01372nam a2200361 c 4500 | ||
|---|---|---|---|
| 003 | BLK | ||
| 005 | 20230909005136.0 | ||
| 008 | 180408b bul|||||r ||||||| ||bul|| | ||
| 010 | _aKNG00093152000 | ||
| 020 |
_a978-954-769-275-6 _bиздат.: Обсидиан |
||
| 040 | _aBLK | ||
| 041 |
_aBUL _cBUL |
||
| 072 | 7 |
_2bullib _aН83 _xЧужда художествена литература Н |
|
| 080 |
_aАмериканска литература (на САЩ) _b821.111(73) _x-312.9 _z821.111(73)-312.9 |
||
| 100 | 1 |
_aУилсън, Даниъл _eпърви автор _9303193 |
|
| 700 |
_aРусев, Богдан Бориславов _d1975- _9365584 |
||
| 139 |
_aУилсън, Даниъл _bУ 39 |
||
| 245 | 1 | 0 |
_aРобокалипсис _bРоман _cДаниъл Уилсън; прев. от англ. Богдан Русев. |
| 257 | _aUSA | ||
| 260 |
_аСофия _bОбсидиан _c2011 _fКостинброд : Мултипринт |
||
| 300 |
_a400 с. _c20 см |
||
| 380 | _aX | ||
| 500 | _aОриг. загл. Robopocalypse / Daniel H. Wilson. | ||
| 653 | _aфантастика | ||
| 653 | _aромани | ||
| 659 | _aН | ||
| 852 | _aЦб 254715 | ||
| 856 | 4 |
_qpdf _u |
|
| 856 | 4 |
_qpdf _u |
|
| 942 |
_cKNG _n0 _02 |
||
| 944 |
_aCR _c04.04.2012 _lCRON CRON _k |
||
| 944 |
_aED _c04.06.2016 _lф / _kПенка_Димитрова |
||
| 999 |
_c88484 _d88484 |
||